| 000 | 01051nam a22002417a 4500 | ||
|---|---|---|---|
| 003 | OSt | ||
| 005 | 20250827103504.0 | ||
| 008 | 240308b ||||| |||| 00| 0 eng d | ||
| 040 | _c0 | ||
| 082 | _aDPer 621.317 Ie21 July 2022 v. 37 n. 7 | ||
| 100 |
_aYan, Qingzeng. _eauthor. _954064 |
||
| 245 |
_aAn analytical discontinuous space-vector PWM for three-level inverters with unbalanced DC-Link voltages / _cQingzeng Yan, Langtao Xiao, Haoming Chen, Xibo Yuan, Hailiang Xu, and Rende Zhao. |
||
| 260 |
_aNew York ; _bThe Institute of Electrical and Electronics Engineers, Inc. , _cJuly 2022. |
||
| 300 |
_avolume 37, pages 7718-7728 : _billustration ; _c28 cm. |
||
| 500 | _aIEEE Transactions on Power Electronics, vol. 37, no. 7, Pages 7718-7728, July 2022. | ||
| 700 |
_aYan, Qingzeng. _eauthor. _954064 |
||
| 700 |
_aXiao, Langtao. _eauthor. _954065 |
||
| 700 |
_aChen, Haoming. _eauthor. _954066 |
||
| 700 |
_aYuan, Xibo. _eauthor. _954067 |
||
| 700 |
_aXu, Hailiang. _eauthor. _954068 |
||
| 700 |
_aZhao, Rende. _eauthor. _954069 |
||
| 942 |
_2ddc _cPER |
||
| 999 |
_c19541 _d19541 |
||